Contemporary business law : principles and cases /

Bibliographic Details
Other Authors: Hoeber, Ralph Carl Louis
Format: Book
Language:English
Published: New York : McGraw-Hill, [1980]
Subjects:

MARC

Tag First Indicator Second Indicator Subfields
LEADER 00000pam a2200000 i 4500
001 in00000665384
005 20151015083015.0
008 790807s1980 nyu b 00100 eng
010 |a  79019822  
020 |a 0070291608 :  |c $19.50 
035 |a (OCoLC)05310082 
035 |9 ACX9908AM 
040 |a DLC  |c DLC  |d TXA  |d UtOrBLW 
043 |a n-us--- 
049 |a TXAM  |c [1192821] 
050 0 0 |a KF888  |b .C62 
082 0 |a 346/.73/07 
245 0 0 |a Contemporary business law :  |b principles and cases /  |c Ralph C. Hoeber [and others]. 
264 1 |a New York :  |b McGraw-Hill,  |c [1980] 
264 4 |c ©1980 
300 |a xxv, 1139 pages ;  |c 25 cm. 
336 |a text  |b txt  |2 rdacontent 
337 |a unmediated  |b n  |2 rdamedia 
338 |a volume  |b nc  |2 rdacarrier 
504 |a Includes bibliographical references and index. 
650 0 |a Commercial law  |z United States  |v Cases. 
700 1 |a Hoeber, Ralph Carl Louis. 
999 |a MARS 
999 f f |s 7757567d-d84b-3be9-8dcb-4f873a09cd06  |i 5cdf2269-7403-3981-a8d1-8c06915dd39d  |t 0 
952 f f |p ric  |a Texas A&M University  |b Rellis Campus  |c Joint Library Facility  |d Remote Storage  |t 0  |e KF888 .C62  |h Library of Congress classification  |i unmediated -- volume  |m A14803164583 
998 f f |a KF888 .C62  |t 0  |l Remote Storage